European Languages by Script - Statistics

General Stats
  • This quiz has been taken 127 times
  • The average score is 16 of 26
Answer Stats
Hint Answer % Correct
דאָס איז אַ בייַשפּיל פראַזע. Yiddish
85%
Αυτή είναι μια φράση-παράδειγμα. Greek
83%
To jest przykładowa fraza. Polish
82%
Esta es una frase de ejemplo. Spanish
80%
Dit is een voorbeeldzin. Dutch
79%
Dies ist ein Beispielsatz. German
79%
Ця фраза є прикладом. Ukrainian
76%
Tämä on esimerkkilauseke. Finnish
73%
Hoc exemplum locutionis est. Latin
73%
Þetta er dæmi um orðasamband. Icelandic
65%
Bu bir örnek cümledir. Turkish
65%
Ceci est un exemple de phrase. French
64%
Questa è una frase di esempio. Italian
62%
Ez egy példamondat. Hungarian
61%
Esta é uma frase de exemplo. Portuguese
58%
Aceasta este o frază exemplu. Romanian
58%
Dyma ymadrodd enghreifftiol. Welsh
55%
Dette er et eksempel på en sætning. Danish
53%
Ово је пример фразе. Serbian
53%
Detta är ett exempelfras. Swedish
52%
Kjo është një frazë shembullore. Albanian
45%
Seo frása samplach. Irish Gaelic
39%
Ovo je primjer fraze. Croatian
38%
Þis is an ænig spræc. Old English
36%
Šī ir frāzes piemērs. Latvian
32%
Tai yra pavyzdinė frazė. Lithuanian
23%
No matching quizzes found
Score Distribution
Percent of People with Each Score
Percentile by Number Answered
Your Score History
You have not taken this quiz